Documentation in India (Record no. 12849)

MARC details
000 -LEADER
fixed length control field 00271nam a2200109Ia 4500
082 ## - DEWEY DECIMAL CLASSIFICATION NUMBER
Classification number RR 029.0954 KES
100 ## - MAIN ENTRY--AUTHOR NAME
Personal name Kesavan, B.S.
245 #0 - TITLE STATEMENT
Title Documentation in India
260 ## - PUBLICATION, DISTRIBUTION, ETC. (IMPRINT)
Place of publication Delhi
Name of publisher Indian National Scientific Documentation
Year of publication 1968
300 ## - PHYSICAL DESCRIPTION
Number of Pages 34p.
942 ## - ADDED ENTRY ELEMENTS (KOHA)
Koha item type Books
Source of classification or shelving scheme Dewey Decimal Classification
Holdings
Withdrawn status Lost status Damaged status Not for loan Home library Current library Date acquired Bill Date Full call number Accession Number Price effective from Koha item type
        NASSDOC Library NASSDOC Library 08/10/2004 2004-10-22 RR 029.0954 KES 21624 18/04/2019 Books